<?xml version="1.0" encoding="UTF-8"?>
<record
    xmlns:xsi="http://www.w3.org/2001/XMLSchema-instance"
    xsi:schemaLocation="http://www.loc.gov/MARC21/slim http://www.loc.gov/standards/marcxml/schema/MARC21slim.xsd"
    xmlns="http://www.loc.gov/MARC21/slim">

  <leader>00632nam a22002177a 4500</leader>
  <datafield tag="999" ind1=" " ind2=" ">
    <subfield code="c">5936</subfield>
    <subfield code="d">5936</subfield>
  </datafield>
  <controlfield tag="001">20950</controlfield>
  <controlfield tag="003">BD-DhUAP</controlfield>
  <controlfield tag="005">20210103142910.0</controlfield>
  <controlfield tag="008">201222r19732012bg a     b    001 0 eng  </controlfield>
  <datafield tag="040" ind1=" " ind2=" ">
    <subfield code="a">DNLM/DLC</subfield>
    <subfield code="c">DLC</subfield>
    <subfield code="d">BD-DhUAP</subfield>
    <subfield code="b">eng</subfield>
  </datafield>
  <datafield tag="082" ind1="0" ind2="0">
    <subfield code="a">620.11 AZI</subfield>
    <subfield code="2">23</subfield>
  </datafield>
  <datafield tag="100" ind1=" " ind2=" ">
    <subfield code="a">Aziz, M. A.</subfield>
  </datafield>
  <datafield tag="245" ind1=" " ind2=" ">
    <subfield code="a">A textbook of engineering materials /</subfield>
    <subfield code="c">M. A. Aziz.</subfield>
  </datafield>
  <datafield tag="250" ind1=" " ind2=" ">
    <subfield code="a">1st ed.</subfield>
  </datafield>
  <datafield tag="260" ind1=" " ind2=" ">
    <subfield code="a">Dhaka :</subfield>
    <subfield code="b">Hafiz book centre,</subfield>
    <subfield code="c">c1973 [Reprinted 2012].</subfield>
  </datafield>
  <datafield tag="300" ind1=" " ind2=" ">
    <subfield code="a">336 pages :</subfield>
    <subfield code="b">illustrations ;</subfield>
    <subfield code="c">22 cm.</subfield>
  </datafield>
  <datafield tag="504" ind1=" " ind2=" ">
    <subfield code="a">Includes bibliographies and index.</subfield>
  </datafield>
  <datafield tag="650" ind1=" " ind2=" ">
    <subfield code="a">Materials.</subfield>
  </datafield>
  <datafield tag="650" ind1=" " ind2=" ">
    <subfield code="a">Engineering materials.</subfield>
  </datafield>
  <datafield tag="942" ind1=" " ind2=" ">
    <subfield code="2">ddc</subfield>
    <subfield code="c">BK</subfield>
  </datafield>
  <datafield tag="952" ind1=" " ind2=" ">
    <subfield code="0">0</subfield>
    <subfield code="1">0</subfield>
    <subfield code="2">ddc</subfield>
    <subfield code="4">0</subfield>
    <subfield code="7">0</subfield>
    <subfield code="a">UAPCL</subfield>
    <subfield code="b">UAPCL</subfield>
    <subfield code="c">General Stacks</subfield>
    <subfield code="d">2020-12-22</subfield>
    <subfield code="l">1</subfield>
    <subfield code="o">620.11 AZI</subfield>
    <subfield code="p">3010020950</subfield>
    <subfield code="r">2023-05-02</subfield>
    <subfield code="s">2023-03-15</subfield>
    <subfield code="t">1</subfield>
    <subfield code="w">2020-12-22</subfield>
    <subfield code="y">BK</subfield>
  </datafield>
  <datafield tag="952" ind1=" " ind2=" ">
    <subfield code="0">0</subfield>
    <subfield code="1">0</subfield>
    <subfield code="2">ddc</subfield>
    <subfield code="4">0</subfield>
    <subfield code="7">0</subfield>
    <subfield code="a">UAPCL</subfield>
    <subfield code="b">UAPCL</subfield>
    <subfield code="c">General Stacks</subfield>
    <subfield code="d">2020-12-22</subfield>
    <subfield code="l">2</subfield>
    <subfield code="m">4</subfield>
    <subfield code="o">620.11 AZI</subfield>
    <subfield code="p">3010020951</subfield>
    <subfield code="r">2024-03-02</subfield>
    <subfield code="s">2024-01-16</subfield>
    <subfield code="t">2</subfield>
    <subfield code="w">2020-12-22</subfield>
    <subfield code="y">BK</subfield>
  </datafield>
  <datafield tag="952" ind1=" " ind2=" ">
    <subfield code="0">0</subfield>
    <subfield code="1">0</subfield>
    <subfield code="2">ddc</subfield>
    <subfield code="4">0</subfield>
    <subfield code="7">0</subfield>
    <subfield code="a">UAPCL</subfield>
    <subfield code="b">UAPCL</subfield>
    <subfield code="c">General Stacks</subfield>
    <subfield code="d">2020-12-22</subfield>
    <subfield code="l">3</subfield>
    <subfield code="m">6</subfield>
    <subfield code="o">620.11 AZI</subfield>
    <subfield code="p">3010020953</subfield>
    <subfield code="r">2022-08-24</subfield>
    <subfield code="s">2022-07-18</subfield>
    <subfield code="t">3</subfield>
    <subfield code="w">2020-12-22</subfield>
    <subfield code="y">BK</subfield>
  </datafield>
  <datafield tag="952" ind1=" " ind2=" ">
    <subfield code="0">0</subfield>
    <subfield code="1">0</subfield>
    <subfield code="2">ddc</subfield>
    <subfield code="4">0</subfield>
    <subfield code="7">0</subfield>
    <subfield code="a">UAPCL</subfield>
    <subfield code="b">UAPCL</subfield>
    <subfield code="c">General Stacks</subfield>
    <subfield code="d">2020-12-22</subfield>
    <subfield code="l">2</subfield>
    <subfield code="m">4</subfield>
    <subfield code="o">620.11 AZI</subfield>
    <subfield code="p">3010020952</subfield>
    <subfield code="r">2022-10-29</subfield>
    <subfield code="s">2022-08-30</subfield>
    <subfield code="t">4</subfield>
    <subfield code="w">2020-12-22</subfield>
    <subfield code="y">BK</subfield>
  </datafield>
  <datafield tag="952" ind1=" " ind2=" ">
    <subfield code="0">0</subfield>
    <subfield code="1">0</subfield>
    <subfield code="2">ddc</subfield>
    <subfield code="4">0</subfield>
    <subfield code="7">0</subfield>
    <subfield code="a">UAPCL</subfield>
    <subfield code="b">UAPCL</subfield>
    <subfield code="c">General Stacks</subfield>
    <subfield code="d">2020-12-22</subfield>
    <subfield code="o">620.11 AZI</subfield>
    <subfield code="p">3010000009</subfield>
    <subfield code="r">2021-01-03</subfield>
    <subfield code="t">5</subfield>
    <subfield code="w">2020-12-22</subfield>
    <subfield code="y">BK</subfield>
  </datafield>
</record>
